[Event "Wroclaw op-B"]
[Site "Wroclaw"]
[Date "2024.08.12"]
[Round "6"]
[White "Shakhnovich, Uladzislau"]
[Black "De la Vega Alvarez, Jose Luis"]
[Result "1-0"]
[WhiteElo "1736"]
[BlackElo "1744"]
[PlyCount "103"]
[EventDate "2024.08.08"]
[EventType "swiss"]
[EventRounds "9"]
[EventCountry "POL"]
[SourceTitle "EXT 2025"]
[Source "ChessBase"]
[SourceDate "2024.10.14"]
[SourceVersion "1"]
[SourceVersionDate "2024.10.14"]
[SourceQuality "1"]

1. e4 e5 2. f4 d5 3. exd5 exf4 4. Nf3 Nf6 5. Bb5+ c6 6. dxc6 Nxc6 7. Nc3 Bd6 8. Qe2+ Be6 9. Nd4 Qd7 10. Nxe6 fxe6 11. d3 0-0 12. Bd2 a6 13. Bxc6 bxc6 14. Ne4 e5 15. Nxf6+ Rxf6 16. Qe4 Bc7 17. 0-0-0 Qd5 18. b3 a5 19. a4 Rg6 20. Bc3 Rxg2 21. Rd2 Qxe4 22. dxe4 Rxd2 23. Kxd2 Rd8+ 24. Ke2 Kf7 25. Kf3 g5 26. h4 g4+ 27. Kxg4 Rg8+ 28. Kf5 Rg2 29. Bxe5 Bxe5 30. Kxe5 f3 31. Rf1 f2 32. c3 Ke7 33. b4 axb4 34. cxb4 Rg1 35. Rxf2 Rb1 36. Ra2 Rxb4 37. a5 Rb7 38. a6 Ra7 39. h5 Kd7 40. Kf6 Ke8 41. Ke6 c5 42. Kd5 c4 43. Kxc4 Ke7 44. Kd5 Kf6 45. Kd6 Kg5 46. Ra5+ Kf6 47. e5+ Kf7 48. e6+ Ke8 49. Kc6 Ke7 50. Kb6 Ra8 51. a7 Kxe6 52. Kb7 1-0

[Event "Wroclaw op-B"]
[Site "Wroclaw"]
[Date "2024.08.09"]
[Round "3"]
[White "Rick, Niklas Corvin"]
[Black "De la Vega Alvarez, Jose Luis"]
[Result "1/2-1/2"]
[WhiteElo "1843"]
[BlackElo "1744"]
[PlyCount "37"]
[EventDate "2024.08.08"]
[EventType "swiss"]
[EventRounds "9"]
[EventCountry "POL"]
[SourceTitle "EXT 2025"]
[Source "ChessBase"]
[SourceDate "2024.10.14"]
[SourceVersion "1"]
[SourceVersionDate "2024.10.14"]
[SourceQuality "1"]

1. d4 d5 2. c4 e6 3. Nc3 a6 4. cxd5 exd5 5. Qc2 c5 6. Nf3 Nc6 7. e3 Nf6 8. a3 c4 9. e4 dxe4 10. d5 Na5 11. Nxe4 Qxd5 12. Nxf6+ gxf6 13. Bd2 Be6 14. Qc3 Nb3 15. Rd1 Be7 16. Be3 Qa5 17. Qxa5 Nxa5 18. Bb6 Nb3 19. Nd4 1/2-1/2